Les peintres impressionnistes - Statistiques

Statistiques générales
  • Ce quiz a été pris 245 fois
  • Le résultat moyen est 8 sur 14
Statistiques - réponses
Par images Réponse % Correct
Claude Monet
99%
Edouard Manet
95%
Auguste Renoir
87%
Edgar Degas
79%
Paul Gauguin
73%
Paul Cézanne
69%
Gustave Caillebotte
58%
Georges Seurat
50%
Camille Pissaro
48%
Berthe Morisot
47%
Alfred Sisley
31%
Frédéric Bazille
17%
Eugène Boudin
12%
Mary Cassatt
12%
Aucun quiz correspondant
Distribution des résultats
% des personnes avec chaque résultat
Percentile par nombre de réponses
Votre historique - résultats
Vous n’avez pas pris ce quiz